| 000 | 00603cab a2200205 4500 | ||
|---|---|---|---|
| 001 | ABS50567 | ||
| 008 | 090401t1994 xxu||||| |||| 00| 0 eng d | ||
| 035 | _a(Sirsi) u76495 | ||
| 041 | _aeng | ||
| 245 | _aConsultants file: performance path | ||
| 260 | _c1994 | ||
| 350 | _a0 | ||
| 490 |
_aHighways _v62(3) April 1994, 23-39(11) |
||
| 520 | _aAn alphabetical listing of British civil engineering consultants by type of work, number of staff and turnover. | ||
| 650 | _aCIVIL ENGINEERING CONSULTANTS | ||
| 650 | _aDIRECTORY | ||
| 690 | _aBUILT ENVIRONMENT | ||
| 942 | _n0 | ||
| 948 | _c04/03/1997 | ||
| 999 |
_c48105 _d48105 |
||